| 000 | 00000nam 2200000za 4500 |
| 001 | 9.851311 |
| 003 | CaOODSP |
| 005 | 20221107154344 |
| 007 | cr ||||||||||| |
| 008 | 180207s2018 onca o f000 0 fre d |
| 020 | |a9780660249315 |
| 022 | |z2561-181X |
| 040 | |aCaOODSP|bfre |
| 043 | |an-cn--- |
| 086 | 1 |aFA1-26/2018-1-2F-PDF |
| 110 | 1 |aCanada. |bBureau du vérificateur général. |
| 245 | 13|aL'état de préparation du Canada pour la mise en œuvre des objectifs de développement durable des Nations Unies |h[ressource électronique] : |brapport de l'auditeur indépendant. |
| 260 | |a[Ottawa] : |bBureau du vérificateur général du Canada, |c2018. |
| 300 | |aiii, 42 p. : |bill. en coul. |
| 490 | 1 |aRapports de la commissaire à l'environnement et au développement durable au Parlement du Canada, |x2561-1828 ; |vprintemps 2018, rapport 2 |
| 500 | |aPubl. aussi en anglais sous le titre : Canada's preparedness to implement the United Nations' sustainable development goals: independent auditor's report. |
| 520 | |a« L’audit visait à déterminer si le gouvernement du Canada était prêt à mettre en œuvre le Programme de développement durable à l’horizon 2030 des Nations Unies. L’audit a porté sur sept ministères et organismes. Cinq ont été désignés pour diriger la préparation à la mise en œuvre du Programme 2030 au nom du gouvernement du Canada et les deux autres y ont contribué de manière importante. Les ministères et organismes visés par notre audit sont les suivants : Affaires autochtones et du Nord Canada (ministère responsable); Affaires mondiales Canada (ministère responsable); Bureau du Conseil privé; Condition féminine Canada (organisme responsable); Emploi et Développement social Canada (ministère responsable); Environnement et Changement climatique Canada (ministère responsable); Statistique Canada » -- Objet de l'audit, p. 7. |
| 530 | |aÉgalement publ. en version imprimée. |
| 692 | 07|2gccst|aDéveloppement durable |
| 692 | 07|2gccst|aPolitique gouvernementale |
| 692 | 07|2gccst|aVérification |
| 710 | 1 |aCanada. |bCommissaire à l'environnement et au développement durable. |
| 775 | 08|tCanada's preparedness to implement the United Nations' sustainable development goals |w(CaOODSP)9.851284 |
| 776 | 0#|tLe Programme de développement durable à l’horizon 2030 |w(CaOODSP)9.851312 |
| 830 | #0|aRapports de la commissaire à l'environnement et au développement durable au Parlement du Canada,|x2561-1828 ; |vprintemps 2018, rapport 2.|w(CaOODSP)9.842752 |
| 856 | 40|qPDF|s2.01 Mo|uhttps://publications.gc.ca/collections/collection_2018/bvg-oag/FA1-26-2018-1-2-fra.pdf |